<?xml version="1.0" encoding="UTF-8"?>
<record
    xmlns:xsi="http://www.w3.org/2001/XMLSchema-instance"
    xsi:schemaLocation="http://www.loc.gov/MARC21/slim http://www.loc.gov/standards/marcxml/schema/MARC21slim.xsd"
    xmlns="http://www.loc.gov/MARC21/slim">

  <leader>01085nam a2200253Ia 4500</leader>
  <controlfield tag="005">20231102151439.0</controlfield>
  <controlfield tag="008">121028t19902013mx     g      000 0 spa d</controlfield>
  <datafield tag="020" ind1=" " ind2=" ">
    <subfield code="a">978-968-24-3071-8</subfield>
  </datafield>
  <datafield tag="040" ind1=" " ind2=" ">
    <subfield code="e">RDA</subfield>
  </datafield>
  <datafield tag="050" ind1=" " ind2=" ">
    <subfield code="a">HD37 S23 1990</subfield>
  </datafield>
  <datafield tag="100" ind1="1" ind2="0">
    <subfield code="a">SACHSE, Matth&#xED;as</subfield>
  </datafield>
  <datafield tag="245" ind1="1" ind2="0">
    <subfield code="a">Planeaci&#xF3;n estrat&#xE9;gica en empresas p&#xFA;blicas </subfield>
    <subfield code="c">/ Matth&#xED;as Sachse</subfield>
  </datafield>
  <datafield tag="260" ind1=" " ind2=" ">
    <subfield code="a">M&#xE9;xico </subfield>
    <subfield code="b">: Trillas</subfield>
    <subfield code="c">, 1990</subfield>
  </datafield>
  <datafield tag="300" ind1=" " ind2=" ">
    <subfield code="a">224 p&#xE1;ginas</subfield>
  </datafield>
  <datafield tag="337" ind1=" " ind2=" ">
    <subfield code="a">texto</subfield>
  </datafield>
  <datafield tag="338" ind1=" " ind2=" ">
    <subfield code="a">sin medio</subfield>
  </datafield>
  <datafield tag="339" ind1=" " ind2=" ">
    <subfield code="a">volumen</subfield>
  </datafield>
  <datafield tag="500" ind1=" " ind2=" ">
    <subfield code="a">Plan Flexible /
Licenciatura en Pedagog&#xED;a /
PLANEACI&#xD3;N PROSPECTIVA (P14) /
Ejemplares: 14 002139, 14 002140, 14 002178, 14 005326</subfield>
  </datafield>
  <datafield tag="500" ind1=" " ind2=" ">
    <subfield code="a">Bibliograf&#xED;a p 217 Incluye &#xED;ndice anal&#xED;tico</subfield>
  </datafield>
  <datafield tag="505" ind1=" " ind2=" ">
    <subfield code="a">Prefacio 1. Introducci&#xF3;n 
2. Principios de la planeaci&#xF3;n estrat&#xE9;gica en empresas p&#xFA;blicas de pa&#xED;ses en v&#xED;as de desarrollo 
3. Planeaci&#xF3;n de la misi&#xF3;n en empresas p&#xFA;blicas 
4. Estrategias de mercadotecnia 
5. Estrategias financieras }
6. Estrategias de pro</subfield>
  </datafield>
  <datafield tag="650" ind1="1" ind2="0">
    <subfield code="a">EMPRESAS -PLANIFICACI&#xD3;N</subfield>
  </datafield>
  <datafield tag="650" ind1="2" ind2="0">
    <subfield code="a">PLANIFICACI&#xD3;N ESTRAT&#xC9;GICA</subfield>
  </datafield>
  <datafield tag="942" ind1=" " ind2=" ">
    <subfield code="c">LB</subfield>
    <subfield code="2">lcc</subfield>
  </datafield>
  <datafield tag="952" ind1=" " ind2=" ">
    <subfield code="0">0</subfield>
    <subfield code="1">0</subfield>
    <subfield code="4">0</subfield>
    <subfield code="7">0</subfield>
    <subfield code="a">14</subfield>
    <subfield code="b">14</subfield>
    <subfield code="d">2010-04-21</subfield>
    <subfield code="l">0</subfield>
    <subfield code="o">HD37 S23 1990</subfield>
    <subfield code="p">14 002139</subfield>
    <subfield code="r">2012-10-28</subfield>
    <subfield code="t">1</subfield>
    <subfield code="w">2012-10-28</subfield>
    <subfield code="y">LB</subfield>
  </datafield>
  <datafield tag="952" ind1=" " ind2=" ">
    <subfield code="0">0</subfield>
    <subfield code="1">0</subfield>
    <subfield code="4">0</subfield>
    <subfield code="7">0</subfield>
    <subfield code="a">14</subfield>
    <subfield code="b">14</subfield>
    <subfield code="d">2010-04-21</subfield>
    <subfield code="l">1</subfield>
    <subfield code="o">HD37 S23 1990</subfield>
    <subfield code="p">14 002140</subfield>
    <subfield code="r">2014-01-14</subfield>
    <subfield code="s">2014-01-14</subfield>
    <subfield code="t">2</subfield>
    <subfield code="w">2012-10-28</subfield>
    <subfield code="y">LB</subfield>
  </datafield>
  <datafield tag="952" ind1=" " ind2=" ">
    <subfield code="0">0</subfield>
    <subfield code="1">0</subfield>
    <subfield code="4">0</subfield>
    <subfield code="7">0</subfield>
    <subfield code="a">14</subfield>
    <subfield code="b">14</subfield>
    <subfield code="d">2010-04-21</subfield>
    <subfield code="l">4</subfield>
    <subfield code="o">HD37 S23 1990</subfield>
    <subfield code="p">14 002178</subfield>
    <subfield code="r">2013-10-23</subfield>
    <subfield code="s">2013-10-23</subfield>
    <subfield code="t">3</subfield>
    <subfield code="w">2012-10-28</subfield>
    <subfield code="y">LB</subfield>
  </datafield>
  <datafield tag="952" ind1=" " ind2=" ">
    <subfield code="0">0</subfield>
    <subfield code="1">0</subfield>
    <subfield code="2">lcc</subfield>
    <subfield code="4">0</subfield>
    <subfield code="7">0</subfield>
    <subfield code="a">14</subfield>
    <subfield code="b">14</subfield>
    <subfield code="d">2014-09-02</subfield>
    <subfield code="l">1</subfield>
    <subfield code="o">HD37 S23 1990</subfield>
    <subfield code="p">14 005326</subfield>
    <subfield code="r">2016-04-01</subfield>
    <subfield code="s">2016-04-01</subfield>
    <subfield code="t">4</subfield>
    <subfield code="w">2014-11-04</subfield>
    <subfield code="y">LB</subfield>
  </datafield>
  <datafield tag="999" ind1=" " ind2=" ">
    <subfield code="c">85331</subfield>
    <subfield code="d">85331</subfield>
  </datafield>
</record>
